书目信息 |
| 题名: |
中国史学史经典精读
|
|
| 作者: | 乔治忠 主编 | |
| 分册: | ||
| 出版信息: | 北京 高等教育出版社 2014 |
|
| 页数: | 662页 | |
| 开本: | 24cm | |
| 丛书名: | “现代学术经典精读”丛书 | |
| 单 册: | ||
| 中图分类: | K092-53 | |
| 科图分类: | ||
| 主题词: | 史学史--中国--文集 | |
| 电子资源: | ||
| ISBN: | 978-7-04-040685-6 | |
| 000 | 00897nam0 2200241 450 | |
| 001 | 0103370413 | |
| 005 | 20160830091909.0 | |
| 010 | @a978-7-04-040685-6@dCNY78.00 | |
| 100 | @a20150104d2014 em y0chiy0120 ea | |
| 101 | 0 | @achi |
| 102 | @aCN@b110000 | |
| 105 | @ay z 000yy | |
| 106 | @ar | |
| 200 | 1 | @a中国史学史经典精读@9Zhong Guo Shi Xue Shi Jing Dian Jing Dou;Du @f乔治忠主编@b专著 |
| 210 | @a北京@c高等教育出版社@d2014 | |
| 215 | @a662页@d24cm | |
| 225 | 1 | @a“现代学术经典精读”丛书@h第一辑 |
| 330 | @a本书选择了近30篇能够大致反映中国史学史研究进程的论文或经典著作(节选),并以开放的视角和批判性的思维,对这些选文进行简要介绍和点评,以望对读者在提高学术鉴别能力、学术素养和奠定研究基础等方面提供帮助。 | |
| 606 | 0 | @a史学史@y中国@j文集 |
| 690 | @aK092-53@v5 | |
| 701 | 0 | @a乔治忠@f(1949~)@4主编@9qiao zhi zhong |
| 801 | 0 | @aCN@bAZmarc@c20230907 |
| 905 | @aBZT@dK092@e6@f1@sK092/6 | |
| 中国史学史经典精读/乔治忠主编.-北京:高等教育出版社,2014 |
| 662页;24cm.-(“现代学术经典精读”丛书.第一辑) |
| ISBN 978-7-04-040685-6:CNY78.00 |
| 本书选择了近30篇能够大致反映中国史学史研究进程的论文或经典著作(节选),并以开放的视角和批判性的思维,对这些选文进行简要介绍和点评,以望对读者在提高学术鉴别能力、学术素养和奠定研究基础等方面提供帮助。 |
| ● |
| 相关链接 |
|
|
|
正题名:中国史学史经典精读
索取号:K092/6
 
预约/预借
| 序号 | 登录号 | 条形码 | 馆藏地/架位号 | 状态 | 备注 |
| 1 | 2000004296 | 2000004296 | 旧书回溯/ [索取号:K092/6] | 在馆 |